| 000 | 00746nam a22002297a 4500 | ||
|---|---|---|---|
| 003 | OSt | ||
| 005 | 20260218022903.0 | ||
| 008 | 260218b |||||||| |||| 00| 0 eng d | ||
| 040 |
_aDWC-Main lib _cOC |
||
| 082 | _aFil.,499.211 S618 2020 | ||
| 100 | _aAriola, Jelyzer Carmela N. | ||
| 245 |
_aSintaktika: _bkomprehensibong talakay sa ugnayang pangwika/ |
||
| 260 |
_a[no place of publication]: _b [no publisher], _cc2020. |
||
| 300 |
_a59 pages: _b illustration; _c27 cm. |
||
| 504 | _aIncludes bibliographical references. | ||
| 650 | _a1. Language and languages. | ||
| 700 | _aRia D. Navales | ||
| 700 | _aGladys Ann B. Perez | ||
| 700 | _aEddie M. Potentado Jr. | ||
| 700 | _aRizalyn Sahagun | ||
| 942 |
_2ddc _cBK - FIL _kFil. _n0 |
||
| 999 |
_c8427 _d8427 |
||